00633nam a22001937a 4500003000800000005001700008008004100025020002300066040002100089082001500110100002200125245013400147250002000281260003000301300003400331365001300365504004400378650001700422BD-DhUL20190730115352.0190730s2017 bg ab||| |b|| 001 0 eng  a9789848965702(hbk) aBD-DhULcBD-DhUL a305.8bISS aIslam, Md. Rafiul aSantals and oraons of Bangladesh :ba study of changing economic life ethnic communities in the Barind region /cMd. Rafiul Islam aRev. Bangladesh aDhaka :bHawlader,c2017. a110 p. :b ill., map ;c22 cm aBDTb200 aBibliography: p. 105-108 Includes index0 aEthnic group